01224nab a22002177a 4500999001500000003000400015005001700019008004100036040000700077100003600084245014300120260007200263300001500335500003900350505031900389505008900708650002600797650003200823773013800855942001300993 c5948d5948OSt20260114022956.0190605e xxu||||| |||| 00| 0 spa d cPJ 96793aAren, Rodrigo Diego Luis 10aRégimen remuneratorio del viajante vendedor. Análisis de la antigüedad y la garantía mínima mensual /cRodrigo Diego Luis Aren.  aCiudad Autónoma de Buenos Aires :bThomson Reuters La Ley,c2024. ap. 108-117 aCita: TR LALEY AR/DOC/2997/2023.  aSumario: I. Cuestiones preliminares.— II. La remuneración. Concepto.— III. La remuneración de los viajantes vendedores.— IV. La Garantía Mínima Mensual.— V. La antigüedad en las relaciones laborales.— VI. La antigüedad y su incidencia en la garantía mínima mensual.— VII. Conclusiones.  t¿Te interesa el texto completo? Solicitalo al correo: koha@justierradelfuego.gov.ar 091316aDERECHO LABORAL 091362aVIAJANTES DE COMERCIO0 0271193168dCiudad Autónoma de Buenos Aires : Thomson Reuters La Ley, 1999-2002.tRevista de derecho del trabajo. Nº 3 - Mayo 2024 2udccANA